000 01022cam a22003131i 4500
001 016526768
003 EG-ScBUE
005 20250518090455.0
008 140611t2014 enka f b 001 0 eng d
020 _a9781292026558
040 _aEG-ScBUE
_beng
_erda
_cEG-ScBUE
_dEG-ScBUE
082 0 4 _a531
_bGOL
_222
100 1 _aGoldstein, Herbert,
_d1922-2005,
_939527
_eauthor.
245 1 0 _aClassical mechanics /
_cGoldstein, Safko, Poole.
250 _aThird edition.
250 _aPearson new international edition.
264 1 _aHarlow :
_bPearson Education Limited,
_c[2014]
264 4 _cc2014
300 _axviii, 638 pages :
_billustrations ;
_c24 cm
336 _2rdacontent
_atext
_btxt
337 _aunmediated
_2rdamedia
_bn
338 _avolume
_bnc
_2rdacarrier
504 _aIncludes bibliographical references and index.
650 7 _aMechanics, Analytic.
_2BUEsh
_96803
655 _vReading book
700 1 _aPoole, Charles P.,
_eauthor.
_95432
700 1 _aSafko, John L.,
_eauthor.
942 _2ddc
_cBB
999 _c21379
_d21351